<?xml version="1.0" encoding="UTF-8"?>
<record
    xmlns:xsi="http://www.w3.org/2001/XMLSchema-instance"
    xsi:schemaLocation="http://www.loc.gov/MARC21/slim http://www.loc.gov/standards/marcxml/schema/MARC21slim.xsd"
    xmlns="http://www.loc.gov/MARC21/slim">

  <leader>00589nam a22001695i 4500</leader>
  <controlfield tag="001">171105</controlfield>
  <controlfield tag="003">ES-MaACL</controlfield>
  <controlfield tag="005">20230906214535.0</controlfield>
  <controlfield tag="008">090428s1955    fr           |||| | fre d</controlfield>
  <datafield tag="080" ind1=" " ind2=" ">
    <subfield code="a">782.1</subfield>
  </datafield>
  <datafield tag="100" ind1="1" ind2=" ">
    <subfield code="a">Charpentier, Gustave.</subfield>
    <subfield code="9">138119</subfield>
  </datafield>
  <datafield tag="245" ind1="1" ind2="0">
    <subfield code="a">Louise </subfield>
    <subfield code="b">: roman musical en quatre actes et cinq tableaux / </subfield>
    <subfield code="c">paroles et musique de Gustave Charpentier.</subfield>
  </datafield>
  <datafield tag="260" ind1=" " ind2=" ">
    <subfield code="a">Paris : </subfield>
    <subfield code="b">Heugel &amp; Cie., </subfield>
    <subfield code="c">[imp. 1955]</subfield>
  </datafield>
  <datafield tag="300" ind1=" " ind2=" ">
    <subfield code="a">100 p. ; </subfield>
    <subfield code="c">18 cm.</subfield>
  </datafield>
  <datafield tag="650" ind1="1" ind2="4">
    <subfield code="a">&#xD3;peras-</subfield>
    <subfield code="v">Libretos.</subfield>
    <subfield code="9">137584</subfield>
  </datafield>
  <datafield tag="852" ind1="4" ind2=" ">
    <subfield code="a">ES-MaACL</subfield>
    <subfield code="j">E-12620 </subfield>
    <subfield code="9">R.140190 </subfield>
    <subfield code="z">. - Biblioteca Jacinto Mart&#xED;nez Lacalle</subfield>
  </datafield>
  <datafield tag="999" ind1=" " ind2=" ">
    <subfield code="c">171105</subfield>
    <subfield code="d">171105</subfield>
  </datafield>
  <datafield tag="952" ind1=" " ind2=" ">
    <subfield code="0">0</subfield>
    <subfield code="1">0</subfield>
    <subfield code="4">0</subfield>
    <subfield code="7">0</subfield>
    <subfield code="a">ATENEOM</subfield>
    <subfield code="b">ATENEOM</subfield>
    <subfield code="c">DEPO2</subfield>
    <subfield code="d">2009-04-28</subfield>
    <subfield code="e">DON</subfield>
    <subfield code="l">0</subfield>
    <subfield code="o">E-12620</subfield>
    <subfield code="p">1179569</subfield>
    <subfield code="r">2023-02-23 00:00:00</subfield>
    <subfield code="w">2023-02-23</subfield>
    <subfield code="y">MONOGRAFIA</subfield>
  </datafield>
</record>
